LEADER 01188nam a2200289 i 4500 001 991003906109707536 005 20030107101244.0 008 020111s|||| it ||| | ita 035 $ab11881288-39ule_inst 035 $aExgil149076$9ExL 040 $aBiblioteca Interfacoltà$bita 082 04$a271.7912 082 0 $a929.71 100 1 $aIlari, Annibale$0532434 245 13$aIl Granpriorato giovannita di Roma :$bricerche storiche ed ipotesi /$cAnnibale Ilari 260 $aTaranto :$bCentro Studi Melitensi,$cstampa1998 300 $a150 p. ;$c25 cm. 490 0 $aMelitensia ;$v4 500 $aIn testa al front.: Gran Priorato di Napoli e Sicilia del Sovrano Militare Ordine di Malta 650 4$aOrdine di Malta$zRoma 907 $a.b11881288$b04-08-17$c07-01-03 912 $a991003906109707536 945 $aLE002 St. XXI E 20$g1$i2002000016782$lle002$o-$pE0.00$q-$rl$s- $t0$u0$v0$w0$x0$y.i12136827$z07-01-03 945 $aLE023 271.791 ILA 1 1$g1$i2023000173008$lle023$og$pE14.00$q-$rl$s- $t0$u0$v0$w0$x0$y.i15817362$z04-08-17 996 $aGranpriorato Giovannita di Roma$9902570 997 $aUNISALENTO 998 $ale002$ale023$b01-01-02$cm$da $e-$fita$git $h3$i1 LEADER 01057nam a2200241 i 4500 001 991003408659707536 008 080225s1936 it b 001 0 ita d 035 $ab13686689-39ule_inst 040 $aDip.to Studi Giuridici$bita 082 0 $a346.07 100 1 $aLordi, Luigi$0102520 245 13$aLe obbligazioni commerciali :$bobbligazioni, compravendita, contratti di borsa, riporto, titoli di credito ... /$cLuigi Lordi 250 $a2. ed. 260 $aMilano :$bSocietà editrice libraria ;$aRoma :$bAthenaeum,$c1936 300 $a2 v. (xvi, xvii 1100 p. compl.) ;$c24 cm. 650 4$aObbligazioni 907 $a.b13686689$b02-04-14$c25-02-08 912 $a991003408659707536 945 $aLE027 346.07 LOR01.01$cV. 1$g1$i2027000143931$lle027$og$pE20.00$q-$rl$s- $t0$u0$v0$w0$x0$y.i14677982$z25-02-08 945 $aLE027 346.07 LOR01.01$cV. 2$g1$i2027000143948$lle027$og$pE20.00$q-$rl$s- $t0$u0$v0$w0$x0$y.i14677994$z25-02-08 996 $aObbligazioni commerciali$9582606 997 $aUNISALENTO 998 $ale027$b25-02-08$cm$da $e-$fita$git $h3$i0